Pôrodnica Nemocnice Krompachy je najlepšia v kraji

Bibliographic Details
Main Author: Csergeová, Marta (Author)
Format: Article
Language:Slovak
PhysicalDescription:Fotogr.
ISSN:1339-0368
Subjects:

MARC

LEADER 00000nab a2200000 ar4500
001 vtls011579872
003 SK-MaSNL
005 20260305040228.0
008 160916c20150420xo mr|p|||||||000 b|slo
038 |a SNSK 
040 |b slo  |c SNSK  |e AACR2 
041 |a slo 
044 |a xo  |c SK 
080 |a 614.21  |x -047.44  |2 2011 
080 |a 618  |2 2011 
100 1 |a Csergeová, Marta  |4 aut  |9 1088082 
245 1 0 |a Pôrodnica Nemocnice Krompachy je najlepšia v kraji  |c Marta Csergeová 
300 |b Fotogr. 
610 2 7 |a Nemocnica Krompachy (Krompachy, Slovensko).  |b Gynekologicko-pôrodnícke oddelenie  |2 snsk  |9 1608729 
610 2 7 |a Agel SK (Bratislava, Slovensko)  |2 snsk  |9 1086462 
650 0 7 |a hodnotenie činnosti  |2 snsk  |9 880586 
650 0 7 |a gynekológia  |2 snsk  |9 2474 
651 7 |a Krompachy (Slovensko)  |2 snsk  |9 43389 
651 7 |a Spišská Nová Ves (Slovensko : okres)  |2 snsk  |9 22259 
773 0 |t Krompašský spravodajca : mesačník občanov Krompách  |g Roč. 25, č. [4] (20. apríl 2015), s. 3-4  |x 1339-0368 
852 |a SNSK  |b KIS3GCP 
999 |c 3337366  |d 3339296